000 00456nam a2200169 i 4500
001 44115
003 ES-MaACL
005 20230906160946.0
007 t|
008 030320s1916 fr ||||1| fre d
100 1 _aCestre, Charles.
_937700
245 1 2 _aL'Angleterre et la guerre /
_cCharles Cestre.
250 _a2eme ed.
260 _aParís :
_b[s.n.,
_c1916] (
_fChronographie Française)
300 _a372 p. ;
_c19 cm.
852 _aES-MaACL
_jF-5849
999 _c44115
_d44115